Henriques v Stephens (VO) (Record no. 73473)
[ view plain ]
| 000 -LEADER | |
|---|---|
| fixed length control field | 01386cam a2200217 4500 |
| 001 - CONTROL NUMBER | |
| control field | ABS67104 |
| 008 - FIXED-LENGTH DATA ELEMENTS--GENERAL INFORMATION | |
| fixed length control field | 030929n2003 000 0 eng u |
| 035 ## - SYSTEM CONTROL NUMBER | |
| System control number | (Sirsi) u123740 |
| 245 ## - TITLE STATEMENT | |
| Title | Henriques v Stephens (VO) |
| Medium | [electronic resource] |
| 260 ## - PUBLICATION, DISTRIBUTION, ETC. | |
| Date of publication, distribution, etc. | 2003 |
| 490 ## - SERIES STATEMENT | |
| Series statement | Rating and Valuation Reporter |
| Volume/sequential designation | [2003] RVR 266-268(3) |
| 520 ## - SUMMARY, ETC. | |
| Summary, etc. | RA/52/2002, 2 July 2003. Appeal by ratepayer (H) against LVT decision which held that the property in question was correctly included on the 2000 non-domestic rating list as office premises and that a rateable value of £850 was fair and reasonable. LT upheld LVT decision that the premises which had been used as an office until 1991 and remained capable of independent use and which had been included in the 1995 non-domestic rating list were correctly rated in the 2000 list as there had been no material change of circumstances apart from the grant of planning permission for change of use to residential but this did not forbid business use. Appeal dismissed. (See also Abs64853). |
| 590 ## - LOCAL NOTE (RLIN) | |
| Local note | ABS |
| 650 ## - SUBJECT ADDED ENTRY--TOPICAL TERM | |
| Topical term or geographic name entry element | HENRIQUES V STEPHENS (VO) (2003) |
| 650 ## - SUBJECT ADDED ENTRY--TOPICAL TERM | |
| Topical term or geographic name entry element | RATEABLE VALUE |
| 650 ## - SUBJECT ADDED ENTRY--TOPICAL TERM | |
| Topical term or geographic name entry element | MATERIAL CHANGE OF CIRCUMSTANCES |
| 650 ## - SUBJECT ADDED ENTRY--TOPICAL TERM | |
| Topical term or geographic name entry element | PLANNING PERMISSION |
| 690 ## - LOCAL SUBJECT ADDED ENTRY--TOPICAL TERM (OCLC, RLIN) | |
| Topical term or geographic name as entry element | RATING AND LOCAL TAXATION-CASE LAW |
| 856 ## - ELECTRONIC LOCATION AND ACCESS | |
| Uniform Resource Identifier | <a href="https://www3.eurolii.org/ew/cases/EWLands/2003/RA_52_2002.html">https://www3.eurolii.org/ew/cases/EWLands/2003/RA_52_2002.html</a> |
| Public note | View decision at www3.eurolii.org |
| 942 ## - ADDED ENTRY ELEMENTS (KOHA) | |
| Suppress in OPAC | 0 |
| Withdrawn status | Lost status | Source of classification or shelving scheme | Damaged status | Not for loan | Home library | Current library | Shelving location | Date acquired | Total Checkouts | Full call number | Barcode | Date last seen | Copy number | Price effective from | Koha item type |
|---|---|---|---|---|---|---|---|---|---|---|---|---|---|---|---|
| Dewey Decimal Classification | London | London | Journal article | 29/09/2003 | ABS67104 | 123740-1001 | 06/08/2019 | 1 | 06/08/2019 | Law report |